Discurso que al inaugurarse el año académico de 1870 a 1871 en la Universidad Libre de Vitoria leyó su rector y catedrático de derecho Doctor D. Carlos Ramón Fort. (Record no. 54423)

MARC details
000 -LEADER
campo de control de longitud fija 01015nam a22002175i 4500
001 - NÚMERO DE CONTROL
campo de control 54423
003 - IDENTIFICADOR DE NÚMERO DE CONTROL
campo de control ES-MaACL
005 - FECHA Y HORA DE LA ÚLTIMA TRANSACCIÓN
campo de control 20250524063045.0
007 - CAMPO FIJO DE DESCRIPCIÓN FÍSICA--INFORMACIÓN GENERAL
campo de control de longitud fija t|
008 - DATOS DE LONGITUD FIJA--INFORMACIÓN GENERAL
campo de control de longitud fija 961105s1870 sp ||||1| spa d
080 ## - NÚMERO DE LA CLASIFICACIÓN DECIMAL UNIVERSAL
Número de la Clasificación Decimal Universal 82.09
100 1# - ENTRADA PRINCIPAL--NOMBRE DE PERSONA
Nombre de persona Fort, Carlos Ramón,
Fechas asociadas al nombre 1807-1878
9 (RLIN) 51833
245 10 - MENCIÓN DEL TÍTULO
Título Discurso que al inaugurarse el año académico de 1870 a 1871 en la Universidad Libre de Vitoria leyó su rector y catedrático de derecho Doctor D. Carlos Ramón Fort.
260 ## - PUBLICACIÓN, DISTRIBUCIÓN, ETC.
Lugar de publicación, distribución, etc. Vitoria :
Nombre del editor, distribuidor, etc. [s.n.],
Fecha de publicación, distribución, etc. 1870 (
Fabricante Imp. de los Hijos de Manteli, a cargo de Raimundo Ibáñez de Betolaza)
300 ## - DESCRIPCIÓN FÍSICA
Extensión 46, [10] p. ;
Dimensiones 25 cm.
594 ## - Nota al título y mención de responsabilidad
Nota al título y mención de responsabilidad Tema: Sobre la conveniencia de dar impulso a los estudios de historia literaria en nuestros establecimientos de instrucción superior ; Varones insignes de la historia literaria, principalmente de Álava
650 ## - PUNTO DE ACCESO ADICIONAL DE MATERIA--TÉRMINO DE MATERIA
Término de materia o nombre geográfico como elemento de entrada Literatura-
Subdivisión general Historia y crítica.
9 (RLIN) 14489
710 2# - ENTRADA AGREGADA--NOMBRE DE ENTIDAD CORPORATIVA
Nombre de entidad corporativa o nombre de jurisdicción como elemento de entrada Universidad Libre de Vitoria.
9 (RLIN) 7387
852 4# - LOCALIZACIÓN
Ubicación ES-MaACL
Número de control de estantería T-111-F-3
Holdings
Estatus retirado Estado de pérdida Estado de daño No para préstamo Colección Biblioteca de origen Biblioteca actual Ubicación en estantería Fecha de adquisición Fuente de adquisición Total de préstamos Signatura topográfica completa Código de barras Visto por última vez Precio de reemplazo Tipo de ítem Koha
        Colección de folletos Biblioteca del Ateneo de Madrid Biblioteca del Ateneo de Madrid Depósito folletos 17/01/2008     T-111-F-3 1057189 23/02/2023 23/02/2023 Folleto